00238nam a2200085Ia 4500008004100000082002000041100001700061245005300078300002100131230907s9999||||xx |||||||||||||| ||und|| a621.3815284,GAN aLidow, Alex. 0aGaN transistors for efficient power conversion / axiv, 250 pages :